|
|
|
|
| LEADER |
00000nam a2200000 i 4500 |
| 001 |
1/3259 |
| 008 |
000518s1998 eng d |
| 020 |
|
|
|a 0387982809
|
| 035 |
|
|
|l 10060733
|
| 040 |
|
|
|a GR-MY-UA
|b gre
|e aacr
|
| 041 |
0 |
|
|a eng
|
| 082 |
0 |
|
|a 005.746
|
| 100 |
1 |
|
|a Salomon, D.
|q (David)
|d 1938-
|
| 245 |
1 |
0 |
|a Data compression :
|b the complete reference /
|c David Salomon
|
| 260 |
|
|
|a New York ; Berlin :
|b Springer,
|c c1998
|
| 300 |
|
|
|a xx, 427 p.;
|b ill.;
|c 24 cm.
|
| 504 |
|
|
|a Includes bibliographical references and index
|
| 650 |
0 |
0 |
|a Data compression (Computer science)
|
| 852 |
|
|
|a INST
|b SAMOS
|e 20000518
|h 005.746 SAL
|p 005300015300
|q 005300015300
|t BK
|y 0
|
| 901 |
|
|
|a BIBL3-2000-2
|
| 909 |
|
|
|a Σ
|b 075177
|
| 922 |
|
|
|a 3ΕΛΗ
|b 200003
|c ΤΠΕΣ/ΤΑΚΤ
|d ΠΑΠΑΣΩΤΗΡΙΟΥ
|
| 970 |
|
|
|a ΓΕΝΟΥΖΟΥ
|b ΧΡΥΣΑΝΘΗ
|z 2000/05/18
|